| 000 | 01379nam a22003737a 4500 | ||
|---|---|---|---|
| 003 | CHAP | ||
| 005 | 20220329143240.0 | ||
| 008 | 070824d2007 mx r 00110 spa d | ||
| 010 | _a93915 | ||
| 011 | _a94887 | ||
| 035 | _a105486 | ||
| 040 | _cCHAP | ||
| 090 | _aTesis | ||
| 100 | 0 | 0 |
_aLópez López, Abimael. _968024 |
| 245 | 1 | 0 |
_aDiferenciación de formas especiales de Fusarium oxysporum con marcadores genético-moleculares y pruebas de patogenidad _c/por Abimael López López |
| 260 |
_aChapingo, Méx. : _bEl autor, _c2007. |
||
| 300 |
_a92 h. : _bgráfs.; cuadros. |
||
| 502 | _aTesis (M.C. en Protección Vegetal) -- UACH. Departamento de Parasitología Agrícola | ||
| 590 |
_aALEPH _b10 _c20130110 _lUCH01 _h1519 |
||
| 590 |
_aBATCH-UPD _b10 _c20130110 _lUCH01 _h1104 |
||
| 590 |
_aBATCH-UPD _b10 _c20130410 _lUCH01 _h0657 |
||
| 590 |
_aBATCH-UPD _b10 _c20130914 _lUCH01 _h1452 |
||
| 590 |
_aCONVERSION _b10 _c20130109 _lUCH01 _h1352 |
||
| 650 | 1 | 4 |
_aFusarium oxysporum. _944093 |
| 650 | 1 | 4 |
_aGarbanzo _xEnfermedades. _945605 |
| 650 | 1 | 4 |
_aHongos fitopatógenos. _956132 |
| 650 | 1 | 4 |
_aMarcadores genéticos. _971249 |
| 650 | 1 | 4 |
_aMarchitez del garbanzo. _971284 |
| 901 | _aBK | ||
| 905 | _aElisama A. H. | ||
| 942 | _cFOLL | ||
| 949 |
_aTesis _bBC _cTES _d33724002035488 _eTS2 _fc.1 _h46867 _i105486 _si |
||
| 949 |
_aTesis _bBC _cTES _d33724002035520 _eTS1 _h46866 _i105486 _sb |
||
| 999 |
_c93915 _d93915 |
||